00623nam a22001697a 4500020001900000082001700019100002100036245010400057260004200161300001900203490002600222650002900248700002000277942000700297999001900304952013000323 a9780521739177  a428.0076 JAK aJakeman, Vanessa aCambridge IELTS 7 with answers : examination papers from university of cambridge esol examinations  aUKbCambridge University Press,c2009 a176 p.eCD-ROM aIelts practice tests. aExamination Papers IELTS aMcDowell, Clare cBK c491116d491116 001040708NFICaCLbCLcGENd2018-03-21eDonationl11m6o428.0076 JAKpSEECSD01379r2026-02-19s2025-08-19w2018-03-30yBK